Cidades do RS com mais de 100 mil habitantes - Statistics

Estatísticas Gerais
  • Esse quiz foi jogado 283 vezes
  • A pontuação média é 13 de 19
Estatísticas das Respostas
População Município Região Funcional COREDE % Correto
1,332 milhão Porto Alegre Metropolitano Delta do Jacuí
100%
463 mil Caxias do Sul Serra
94%
347 mil Canoas Vale do Rio dos Sinos
90%
325 mil Pelotas Sul
87%
271 mil Santa Maria Central
86%
227 mil Novo Hamburgo Vale do Rio dos Sinos
85%
191 mil Rio Grande Sul
76%
217 mil São Leopoldo Vale do Rio dos Sinos
71%
117 mil Uruguaiana Fronteira Oeste
71%
206 mil Passo Fundo Produção
69%
118 mil Bagé Campanha
67%
105 mil Erechim Norte
67%
224 mil Viamão Metropolitano Delta do Jacuí
66%
123 mil Bento Gonçalves Serra
63%
265 mil Gravataí Metropolitano Delta do Jacuí
60%
187 mil Alvorada Metropolitano Delta do Jacuí
52%
133 mil Santa Cruz do Sul Vale do Rio Pardo
49%
132 mil Sapucaia do Sul Vale do Rio dos Sinos
48%
136 mil Cachoeirinha Metropolitano Delta do Jacuí
45%
Nenhum quiz correspondente encontrado
Distribuição das Pontuações
Porcentagem de Pessoas com Cada Pontuação
Percentil de Números Respondidos
Sua Pontuação Histórica
Você não jogou esse quiz